000 01200cam a2200325 a 4500
001 000018225
005 20200929165417.0
008 960522s1991 cu ac 000 0 spa d
035 _a(DLC) 96151687
035 _a(OCoLC)35897425
040 _aDO-SdBNP
_bspa
_cWU
_dDLC
_dBNPHU
050 0 0 _aJV7371
_b.B34 1994
082 _aNN
_bB142q
100 1 _aBáez, Luis,
_d1936-
_939456
245 1 4 _aLos que se fueron /
_cLuis Báez ; edición Rubén Martí y Elena Rodríguez.
260 _aHabana :
_bEditorial José Martí,
_c1991.
300 _a155 p. :
_bil. ;
_c21 cm.
651 0 _aCuba
_xEmigration And Immigration
_xHistory
_y20th century.
_939457
651 0 _aLatin America
_xEmigration And Immigration
_xHistory
_y20th century.
_939458
650 0 _aCubans
_zLatin America.
_939459
650 0 _aCubans
_zLatin America
_xInterviews.
_939460
650 0 _aAuthors, cuban
_zLatin America.
_939461
650 0 _aAuthors, cuban
_zLatin America
_xInterviews.
_939462
650 0 _aAuthors, exiled
_xInterviews.
_939463
650 0 _aExiles
_xInterviews.
_939464
700 1 _aMartí, Rubén,
_eed.
_939465
700 1 _aRodríguez, Elena,
_eed.
_939466
910 _aCatalogación derivada
049 _aBNGR
999 _c17746
_d17746